000 00676nam a2200277Ia 4500
005 20260324131612.0
008 008 260324s9999 xx 000 0 eng d
020 _a9780429140105
037 _aEBOOK
040 _aCRL
040 _beng
040 _cCRL
041 _2eng
041 _aeng
084 _qCRL
100 _aU. Moschella; F. Haardt; M. Colpi; V. Gorini
_91186124
245 0 _aJoint Evolution of Black Holes and Galaxies
260 _bTaylor and Francis
260 _c2006
365 _a
365 _b450
856 _uhttp://www.taylorfrancis.com/books/9780429140105
942 _cEBOOK
999 _c1783441
_d1783441